| 000 | 00552nam a2200181 a 4500 | ||
|---|---|---|---|
| 001 | 000032684 | ||
| 005 | 20200930065756.0 | ||
| 008 | 110725s1927 dr a 000 0 spa d | ||
| 040 |
_aDO-SdBNP _bspa _cBNPHU |
||
| 082 |
_axxx _bL792c |
||
| 100 | 1 |
_aLlobregat, Enrique _958556 |
|
| 245 | 1 | 3 |
_aEl cultivo del arroz en secano / _cEnrique Llobregat. |
| 260 |
_aSanto Domingo : _bDepartamento de agricultura, _c1927. |
||
| 300 |
_a12 p. : _bil. ; _c18 cm. |
||
| 490 | 1 | _aVulgarización agrícola | |
| 830 | 0 |
_aVulgarización agrícola _922107 |
|
| 049 | _aBNPD | ||
| 999 |
_c32175 _d32175 |
||